The dollar trap : (Record no. 591724)
[ view plain ]
| 000 -LEADER | |
|---|---|
| fixed length control field | 00433nam a22001337a 4500 |
| 020 ## - INTERNATIONAL STANDARD BOOK NUMBER | |
| International Standard Book Number | 9787510453885 |
| 082 ## - DEWEY DECIMAL CLASSIFICATION NUMBER | |
| Classification number | 332.4973 |
| Author Mark | PRA |
| 100 ## - MAIN ENTRY--PERSONAL NAME | |
| Personal name | Eswar Prasad |
| 245 ## - TITLE STATEMENT | |
| Title | The dollar trap : |
| Remainder of title | how the U.S. dollar tightened its grip on global finance (Chinese Edition) / |
| Statement of responsibility, etc. | Prasad Eswar |
| 260 ## - PUBLICATION, DISTRIBUTION, ETC. | |
| Place of publication, distribution, etc. | China : |
| Name of publisher, distributor, etc. | Grand Publishing House, |
| Date of publication, distribution, etc. | 2015. |
| 300 ## - PHYSICAL DESCRIPTION | |
| Extent | 358 p. ; |
| Dimensions | 24 cm. |
| 880 ## - ALTERNATE GRAPHIC REPRESENTATION | |
| Linkage | 245-02\r |
| Title | 美元陷阱 |
| 942 ## - ADDED ENTRY ELEMENTS (KOHA) | |
| Source of classification or shelving scheme | |
| Koha item type | Book |
| Withdrawn status | Lost status | Source of classification or shelving scheme | Damaged status | Not for loan | Permanent Location | Current Location | Shelving location | Date acquired | Source of acquisition | Total Checkouts | Full call number | Barcode | Date last seen | Price effective from | Koha item type |
|---|---|---|---|---|---|---|---|---|---|---|---|---|---|---|---|
| Central Library (CL) | Central Library (CL) | Chinese Studies | 10/12/2022 | Donated by China Embassy | 332.4973 PRA | CL-D-1861 | 10/12/2022 | 10/12/2022 | Book |
